Name All Countries Containing The Letter J - Statistics

General Stats
  • This quiz has been taken 192 times
  • The average score is 5 of 7
Answer Stats
Hint Answer % Correct
1 Japan
97%
2 Jordan
91%
3 Jamaica
87%
4 Azerbaijan
63%
5 Djibouti
63%
7 Tajikistan
58%
6 Fiji
47%
No matching quizzes found
Score Distribution
Percent of People with Each Score
Percentile by Number Answered
Your Score History
You have not taken this quiz